Дело об имеющем быть в Париже в 1878 году, во время всемирной выставки филологическом конгрессе

Доступно только в Электронных читальных залах Найти на картеНа карте
RUSMARC
00003723nmc2a22000003x 450
001a33adfb6-e7b0-4236-a970-b1fae9eed34d
00520180911213527.0
100##$a20160323l18771877k l0rusy0189 ca
1010#$arus
102##$aRU
2001#$aДело об имеющем быть в Париже в 1878 году, во время всемирной выставки филологическом конгрессе
$j22 января - 14 мая 1877 г.
251##$cДело
300##$aДело
801#0$aRU
$bРГИА
$c20160323
$gRCR
801#1$aRU
$bГлавНИВЦ
$c20160323
$2rusmarc
801#2$aRU
$bПБ им. Б.Н. Ельцина
$c20180911
$gRCR
$2rusmarc
850##$aРГИА
852##$aРГИА
$eФедеральное казенное учреждение "Российский государственный исторический архив" (РГИА)
$j623
937##$hРГИА
$d12194500
$aASBIBLIO_SCAN
462#0$1001bddc07d4-03e3-4f2f-a715-f0b0b4a2fdca
$12001
$aДела по ученым учреждениям Департамента народного просвещения за 1863-1895 гг.
$1251
$cОпись
$1852
$j142
461#0$1001a74412a3-3cc5-4d21-8f0a-dfe2fbd9e72d
$12001
$aДепартамент народного просвещения Министерства народного просвещения (1803-1917)
$1251
$cФонд
$1852
$j733
215##$a7 л.
$d36,5х26 см
371##$aДокумент не является опубликованным и широко распространяемым
105##$ay###
1222#$ad
035##$aa33adfb6-e7b0-4236-a970-b1fae9eed34d
856##$uhttp://readingroom.main.prlib.ru/item.aspx?id_node=n118586594&mode=full
Формат отображения